000 00581nam a22002057a 4500
003 koha_MIRAKIL
005 20231213100114.0
008 231213b |||||||| |||| 00| 0 ||| d
020 _b978-9-75587152-3
040 _aTR-IsEVY
_btur
_cTR-IsEVY
082 _aFIC YEN/H
100 _aYener, Mavisel.
245 0 _aHayaletten mektuplar
250 _a2. bs.
260 _bUçanbalık Yayıncılık,
_c2011
300 _a70 s.
650 _aChildren's literature -- Stories, Turkish. -- Letters.
650 _aÇocuk edebiyatı -- Hikaye, Türk -- Mektup.
942 _2ddc
_cBK
999 _c14593
_d14593